000
00309nam a2200133Ia 4500
005
20260326235457.0
008
260326s9999||||xx |||||||||||||| ||und||
100
_a
Niemeyer, Oscar
245
0
_a
My Architecture /
_c
Oscar Niemeyer
260
_b
Revan
300
_a
112 p.
650
_a
ARQUITECTOS
942
_c
BK
999
_c
7974
_d
7974